[Event "Kharkov"]
[Site "Kharkov"]
[Date "1999.??.??"]
[Round "7"]
[White "Cherevatenko, Roman"]
[Black "Grokhotov, Vladimir T"]
[Result "1-0"]
[WhiteElo "2410"]
[BlackElo "2350"]
[PlyCount "73"]
[EventDate "1999.02.??"]
[EventType "tourn"]
[EventRounds "13"]
[EventCountry "UKR"]
[SourceTitle "EXT 2000"]
[Source "ChessBase"]
[SourceDate "1999.11.16"]
[SourceVersion "1"]
[SourceVersionDate "1999.11.16"]
[SourceQuality "1"]

1. e4 c5 2. Nf3 Nc6 3. Bb5 g6 4. Bxc6 dxc6 5. d3 Bg7 6. h3 Nf6 7. Nc3 0-0 8. Be3 Qa5 9. 0-0 Ne8 10. Qd2 Nc7 11. Bh6 Ne6 12. Bxg7 Kxg7 13. Ne5 Nd4 14. f4 Qc7 15. Rae1 g5 16. Nd1 f6 17. Nc4 b5 18. Na3 Ne6 19. f5 Nf4 20. Ne3 h5 21. h4 gxh4 22. Qf2 e5 23. fxe6 Nxe6 24. Qxh4 Ng5 25. e5 Qxe5 26. Nf5+ Qxf5 27. Rxf5 Bxf5 28. Re7+ Kg6 29. Qf2 Rfe8 30. Qxc5 Rxe7 31. Qxe7 a6 32. Nb1 Nf7 33. Nc3 Ne5 34. Ne2 Bg4 35. d4 Nc4 36. Nf4+ Kf5 37. g3 1-0

[Event "Wch U26 (Men)"]
[Site "Rotterdam"]
[Date "1998.08.20"]
[Round "9"]
[White "Lemmers, Oscar"]
[Black "Cherevatenko, Roman"]
[Result "0-1"]
[WhiteElo "2380"]
[BlackElo "2410"]
[PlyCount "84"]
[EventDate "1998.08.??"]
[EventType "swiss"]
[EventRounds "9"]
[EventCountry "NED"]
[SourceTitle "EXT 1999"]
[Source "ChessBase"]
[SourceDate "1998.11.16"]
[SourceVersion "1"]
[SourceVersionDate "1998.11.16"]
[SourceQuality "1"]

1. e4 c5 2. c3 e6 3. d4 d5 4. e5 Nc6 5. Nf3 Bd7 6. Bd3 Qb6 7. 0-0 Nh6 8. dxc5 Bxc5 9. b4 Be7 10. a4 Qc7 11. Re1 Ng4 12. Qe2 f6 13. exf6 gxf6 14. h3 Nge5 15. Bc2 0-0 16. Nxe5 Nxe5 17. Qh5 f5 18. Bh6 Rf7 19. Re3 Ng6 20. Nd2 Bf6 21. Rc1 Bg7 22. Nf3 Bxh6 23. Qxh6 Rg7 24. Kh1 Kh8 25. Bd3 Rag8 26. Bf1 e5 27. Nh4 Nxh4 28. Qxh4 f4 29. Ree1 Qd6 30. c4 d4 31. c5 Qg6 32. f3 Bc6 33. Qf2 e4 34. b5 e3 35. Qc2 Qxc2 36. Rxc2 Bd5 37. c6 bxc6 38. bxc6 Rc7 39. Rc5 Rd8 40. Rb1 Rxc6 41. Ra5 Rc3 42. Rd1 Bb3 0-1

[Event "Wch U26 (Men)"]
[Site "Rotterdam"]
[Date "1998.08.19"]
[Round "8"]
[White "Cherevatenko, Roman"]
[Black "Watanabe, Akira"]
[Result "1/2-1/2"]
[WhiteElo "2410"]
[BlackElo "2350"]
[PlyCount "194"]
[EventDate "1998.08.??"]
[EventType "swiss"]
[EventRounds "9"]
[EventCountry "NED"]
[SourceTitle "EXT 1999"]
[Source "ChessBase"]
[SourceDate "1998.11.16"]
[SourceVersion "1"]
[SourceVersionDate "1998.11.16"]
[SourceQuality "1"]

1. e4 c5 2. Nf3 d6 3. d4 cxd4 4. Nxd4 Nf6 5. Nc3 a6 6. Bg5 e6 7. f4 Qb6 8. Nb3 Be7 9. Qf3 Nbd7 10. 0-0-0 Qc7 11. Qg3 h6 12. Bxf6 Bxf6 13. e5 dxe5 14. Ne4 exf4 15. Nxf6+ gxf6 16. Qg7 Rf8 17. Nd4 Qa5 18. Bd3 Qxa2 19. c4 Kd8 20. Kc2 Qa5 21. Bg6 Kc7 22. Bxf7 Kb8 23. Bxe6 Rd8 24. Kb1 Qc7 25. Qxh6 Ka7 26. Qg7 Qb6 27. Bd5 Ne5 28. Qe7 Rd7 29. Qa3 Nxc4 30. Bxc4 Rxd4 31. Rxd4 Qxd4 32. Qd3 Qe5 33. Qd5 Bf5+ 34. Ka2 Be4 35. Qd2 Rc8 36. Rc1 Rc5 37. Rc3 Rc6 38. Rc1 Rd6 39. Qb4 Bxg2 40. Bb3 Rb6 41. Qc5 Bc6 42. h4 f3 43. h5 Qxc5 44. Rxc5 Rb5 45. Rxb5 Bxb5 46. h6 f2 47. h7 f1Q 48. h8Q Bc4 49. Qh4 Bxb3+ 50. Kxb3 Qd3+ 51. Ka2 Qd5+ 52. b3 f5 53. Qf2+ b6 54. Qc2 a5 55. Qc7+ Qb7 56. Qe5 Qf7 57. Qf4 Qe6 58. Qc7+ Ka6 59. Ka3 b5 60. Kb2 b4 61. Kc1 Qd5 62. Kb2 Kb5 63. Kc1 a4 64. Qb8+ Kc5 65. Qf8+ Kc6 66. Qa8+ Kd6 67. Qd8+ Ke6 68. Qg8+ Ke5 69. Qh8+ Ke4 70. Qh1+ Kd4 71. Qg1+ Ke5 72. Qg7+ Kf4 73. Qh6+ Kg4 74. Qg6+ Kf3 75. Qh5+ Ke3 76. Qg5+ Ke2 77. bxa4 Qd4 78. Kb1 Qe4+ 79. Kb2 f4 80. Qb5+ Ke1 81. Qh5 f3 82. Qh1+ Kd2 83. Qh2+ Qe2 84. Qf4+ Kd3+ 85. Kb3 Qe3 86. Qc4+ Kd2+ 87. Kxb4 Qb6+ 88. Ka3 f2 89. Qd5+ Ke2 90. Qc4+ Ke3 91. Qc3+ Kf4 92. Qc4+ Ke5 93. Qe2+ Kd6 94. Qd3+ Kc7 95. Qc4+ Kd6 96. Qf4+ Kd5 97. Qf5+ Kd6 1/2-1/2

[Event "Wch U26 (Men)"]
[Site "Rotterdam"]
[Date "1998.08.13"]
[Round "3"]
[White "Mchedlishvili, Mikheil"]
[Black "Cherevatenko, Roman"]
[Result "1/2-1/2"]
[WhiteElo "2390"]
[BlackElo "2410"]
[PlyCount "58"]
[EventDate "1998.08.??"]
[EventType "swiss"]
[EventRounds "9"]
[EventCountry "NED"]
[SourceTitle "EXT 1999"]
[Source "ChessBase"]
[SourceDate "1998.11.16"]
[SourceVersion "1"]
[SourceVersionDate "1998.11.16"]
[SourceQuality "1"]

1. c4 Nf6 2. Nc3 g6 3. g3 Bg7 4. Bg2 0-0 5. e3 d6 6. Nge2 e5 7. 0-0 c6 8. d3 Be6 9. b3 Qd7 10. Ba3 Bh3 11. Ne4 Bxg2 12. Kxg2 c5 13. N2c3 Nc6 14. Bb2 Nh5 15. g4 Nf6 16. Nxf6+ Bxf6 17. Qe2 Bg7 18. Kh1 f5 19. gxf5 Rxf5 20. Rg1 Raf8 21. Rg2 Ne7 22. Ne4 Rh5 23. Rag1 Nf5 24. Rg5 Rxg5 25. Rxg5 d5 26. cxd5 Qxd5 27. Qc2 b6 28. Qc4 Rd8 29. Kg1 Kh8 1/2-1/2

[Event "Golden Cleopatra"]
[Site "Cairo"]
[Date "1998.03.13"]
[Round "3"]
[White "Labib, Ibrahim Hasan"]
[Black "Cherevatenko, Roman"]
[Result "1/2-1/2"]
[WhiteElo "2305"]
[BlackElo "2385"]
[PlyCount "141"]
[EventDate "1998.??.??"]
[EventType "schev"]
[EventRounds "10"]
[EventCountry "EGY"]
[SourceTitle "EXT 1999"]
[Source "ChessBase"]
[SourceDate "1998.11.16"]
[SourceVersion "1"]
[SourceVersionDate "1998.11.16"]
[SourceQuality "1"]

1. e4 c5 2. Nf3 e6 3. b3 a6 4. Bb2 Nc6 5. c4 Qc7 6. g3 Nf6 7. Qe2 d6 8. Bg2 e5 9. Nc3 Bg4 10. Nd5 Nxd5 11. cxd5 Nd4 12. Qd3 Nxf3+ 13. Bxf3 Bd7 14. Qe2 Be7 15. Bg4 0-0 16. 0-0 Rae8 17. Rae1 Qc8 18. Bxd7 Qxd7 19. f4 exf4 20. Rxf4 Bg5 21. Rf5 Bh6 22. Qf2 g6 23. Rf6 Rd8 24. Rf1 Qe7 25. d3 Rd7 26. Kg2 Re8 27. g4 b5 28. Qh4 Bg7 29. R1f4 Rc8 30. Bc3 a5 31. a3 b4 32. axb4 axb4 33. Bb2 Ra8 34. g5 Ra2 35. Rf2 h6 36. gxh6 Rxb2 37. hxg7 Rxf2+ 38. Qxf2 Kxg7 39. Rf3 Qg5+ 40. Qg3 Qxg3+ 41. Kxg3 Ra7 42. Rf4 f6 43. Rf2 Ra1 44. Rb2 Kf7 45. Kf3 f5 46. d4 Re1 47. Kf2 Rxe4 48. dxc5 dxc5 49. Rc2 Rd4 50. Rxc5 Rd3 51. Rb5 Rxb3 52. h4 Rd3 53. Rxb4 Rxd5 54. Kg3 Kg7 55. Rb8 Rd3+ 56. Kg2 Re3 57. Ra8 Kf6 58. Ra6+ Re6 59. Ra5 Re4 60. Kg3 Rg4+ 61. Kh3 Ke6 62. Rb5 Rd4 63. Kg3 Rd3+ 64. Kg2 f4 65. Ra5 Rd5 66. Ra3 Ke5 67. Kf3 Kf5 68. Rb3 Re5 69. Ra3 Re3+ 70. Rxe3 fxe3 71. h5 1/2-1/2

[Event "Golden Cleopatra"]
[Site "Cairo"]
[Date "1998.03.11"]
[Round "1"]
[White "Hamed, Ahmed"]
[Black "Cherevatenko, Roman"]
[Result "1/2-1/2"]
[WhiteElo "2320"]
[BlackElo "2385"]
[PlyCount "96"]
[EventDate "1998.??.??"]
[EventType "schev"]
[EventRounds "10"]
[EventCountry "EGY"]
[SourceTitle "EXT 1999"]
[Source "ChessBase"]
[SourceDate "1998.11.16"]
[SourceVersion "1"]
[SourceVersionDate "1998.11.16"]
[SourceQuality "1"]

1. Nf3 Nf6 2. g3 g6 3. Bg2 Bg7 4. 0-0 0-0 5. d3 c5 6. e4 d6 7. Nc3 Nc6 8. h3 Rb8 9. a4 a6 10. Re1 e5 11. Nh2 Be6 12. Nd5 Ne7 13. c4 Qd7 14. h4 Nexd5 15. cxd5 Bh3 16. Bxh3 Qxh3 17. Bg5 Qd7 18. Bxf6 Bxf6 19. h5 Bg5 20. Kg2 f5 21. hxg6 hxg6 22. exf5 Rxf5 23. f3 Rbf8 24. Qe2 R8f7 25. Qe4 Qd8 26. Re2 Rh7 27. Ng4 Rhf7 28. Rf1 Qb6 29. f4 exf4 30. gxf4 Re7 31. Nh6+ Kf8 32. Nxf5 Rxe4 33. dxe4 Bf6 34. Ne3 Qb4 35. Kf3 c4 36. e5 Bg7 37. e6 Bxb2 38. e7+ Ke8 39. Rg1 Qb3 40. Rxg6 Kxe7 41. Kg4 Kd7 42. Nxc4 Qxc4 43. Rxb2 Qxd5 44. Rg7+ Ke6 45. Rbxb7 Qg2+ 46. Kh4 Qf2+ 47. Kg4 Qg1+ 48. Kh4 Qh2+ 1/2-1/2

[Event "UKR-chT"]
[Site "Alushta"]
[Date "1998.??.??"]
[Round "?"]
[White "Cherevatenko, Roman"]
[Black "Stets, Dmitry"]
[Result "1/2-1/2"]
[WhiteElo "2385"]
[BlackElo "2420"]
[PlyCount "48"]
[EventDate "1998.??.??"]
[EventType "team"]
[EventRounds "10"]
[EventCountry "UKR"]
[SourceTitle "EXT 2000"]
[Source "ChessBase"]
[SourceDate "1999.11.16"]
[SourceVersion "1"]
[SourceVersionDate "1999.11.16"]
[SourceQuality "1"]

1. e4 c5 2. Nf3 d6 3. Bb5+ Nd7 4. c3 Ngf6 5. Qe2 a6 6. Ba4 e5 7. 0-0 Be7 8. d4 0-0 9. Bc2 Re8 10. a4 b6 11. dxe5 Nxe5 12. Nxe5 dxe5 13. c4 Bg4 14. f3 Be6 15. Rd1 Qb8 16. Nc3 a5 17. Be3 Ra7 18. g3 h6 19. Rf1 Bd8 20. Rad1 Rd7 21. Bd3 Bc7 22. b3 Rdd8 23. Rf2 Qa8 24. h4 Nh5 1/2-1/2

[Event "UKR-chT"]
[Site "Alushta"]
[Date "1998.??.??"]
[Round "?"]
[White "Fedorchuk, Sergey A"]
[Black "Cherevatenko, Roman"]
[Result "0-1"]
[WhiteElo "2345"]
[BlackElo "2385"]
[PlyCount "82"]
[EventDate "1998.??.??"]
[EventType "team"]
[EventRounds "10"]
[EventCountry "UKR"]
[SourceTitle "EXT 2000"]
[Source "ChessBase"]
[SourceDate "1999.11.16"]
[SourceVersion "1"]
[SourceVersionDate "1999.11.16"]
[SourceQuality "1"]

1. e4 c5 2. Nf3 e6 3. d4 cxd4 4. Nxd4 a6 5. Bd3 Qc7 6. 0-0 Nf6 7. Nd2 Nc6 8. Nxc6 bxc6 9. f4 d5 10. c4 Be7 11. b3 Qb6+ 12. Kh1 Qd4 13. Qc2 Qxa1 14. Bb2 Qxa2 15. cxd5 0-0 16. Ra1 Qxa1+ 17. Bxa1 cxd5 18. e5 Nd7 19. Bxh7+ Kh8 20. Qd3 g6 21. Bxg6 fxg6 22. Qh3+ Kg7 23. Qxe6 Bd8 24. Qxd5 Ra7 25. Qd6 Rc7 26. Nc4 Re8 27. e6+ Kh7 28. g4 Nc5 29. f5 gxf5 30. Qg3 Rxe6 31. Be5 Bb7+ 32. Kg1 Ne4 33. Qf4 Rf7 34. gxf5 Rh6 35. Kf1 Rh4 36. Qe3 Rxf5+ 37. Ke1 Bg5 38. Qa7 Rf7 39. Qb8 Nf6 40. Nd6 Re7 41. Nxb7 Re4+ 0-1

[Event "Frydek Mistek op-A"]
[Site "Frydek Mistek"]
[Date "1997.??.??"]
[Round "5"]
[White "Kempinski, Robert"]
[Black "Cherevatenko, Roman"]
[Result "1-0"]
[WhiteElo "2515"]
[BlackElo "2395"]
[PlyCount "87"]
[EventDate "1997.??.??"]
[EventType "swiss"]
[EventRounds "9"]
[EventCountry "CZE"]
[SourceTitle "EXT 1998"]
[Source "ChessBase"]
[SourceDate "1997.11.17"]
[SourceVersion "1"]
[SourceVersionDate "1997.11.17"]
[SourceQuality "1"]

1. d4 Nf6 2. c4 g6 3. Nc3 Bg7 4. e4 d6 5. Nf3 0-0 6. Be2 e5 7. d5 a5 8. h3 Na6 9. Bg5 h6 10. Be3 c6 11. Nd2 Bd7 12. 0-0 c5 13. a3 Nh7 14. f4 exf4 15. Bxf4 Qe7 16. Nb5 Be5 17. Bxh6 Rfe8 18. Bf4 Ng5 19. Bg4 f5 20. Bxe5 Qxe5 21. Nf3 Qxe4 22. Nxg5 Qe3+ 23. Rf2 Qxg5 24. Be2 Bxb5 25. cxb5 Nb8 26. Qc1 Qxc1+ 27. Rxc1 Nd7 28. g4 fxg4 29. Bxg4 Ne5 30. Rf6 Rad8 31. b6 Kg7 32. Rcf1 Rf8 33. Re6 Rxf1+ 34. Kxf1 Kf7 35. Be2 c4 36. Ke1 Re8 37. Rxd6 Nd3+ 38. Kd2 Nxb2 39. Rd7+ Re7 40. Rc7 Ke8 41. Bg4 Re5 42. Kc2 Nd3 43. d6 Nc5 44. Rc8+ 1-0

[Event "Kosice op"]
[Site "Kosice"]
[Date "1997.??.??"]
[Round "?"]
[White "Prihodko, Alexander"]
[Black "Cherevatenko, Roman"]
[Result "0-1"]
[WhiteElo "2195"]
[BlackElo "2395"]
[PlyCount "78"]
[EventDate "1997.??.??"]
[EventType "swiss"]
[EventRounds "9"]
[EventCountry "SVK"]
[SourceTitle "EXT 1999"]
[Source "ChessBase"]
[SourceDate "1998.11.16"]
[SourceVersion "1"]
[SourceVersionDate "1998.11.16"]
[SourceQuality "1"]

1. e4 c5 2. Nf3 e6 3. d3 d5 4. Nbd2 Nc6 5. g3 g6 6. Bg2 Bg7 7. 0-0 Nge7 8. exd5 exd5 9. d4 c4 10. c3 Qa5 11. Re1 0-0 12. Nf1 Be6 13. Bf4 Rad8 14. h4 Rfe8 15. Qc1 Nf5 16. N1h2 f6 17. Re2 b5 18. Nd2 Qb6 19. Ndf1 b4 20. Qd2 Bf7 21. Rxe8+ Rxe8 22. Ng4 Nce7 23. Re1 Qa5 24. Nfe3 Rd8 25. Nd1 Nc6 26. Nde3 bxc3 27. bxc3 Ncxd4 28. Rb1 Qxc3 29. Qd1 Qd3 30. Qxd3 cxd3 31. Kf1 h5 32. Nxf5 Nxf5 33. Ne3 Nxe3+ 34. fxe3 d4 35. exd4 Bxa2 36. Ra1 Bc4 37. Ke1 Re8+ 38. Kd1 a6 39. Rc1 Bb3+ 0-1

[Event "Pardubice KB op"]
[Site "Pardubice"]
[Date "1996.??.??"]
[Round "4"]
[White "Brettschneider, Stefan"]
[Black "Cherevatenko, Roman"]
[Result "1-0"]
[WhiteElo "2205"]
[BlackElo "2415"]
[PlyCount "77"]
[EventDate "1996.07.??"]
[EventType "swiss"]
[EventRounds "9"]
[EventCountry "CZE"]
[SourceTitle "CBM 055 Extra"]
[Source "ChessBase"]
[SourceDate "1997.01.01"]
[SourceVersion "1"]
[SourceVersionDate "1997.01.01"]
[SourceQuality "1"]

1. e4 c5 2. Nc3 Nc6 3. g3 g6 4. Bg2 Bg7 5. d3 e6 6. Be3 d6 7. Qd2 Bd7 8. f4 Nge7 9. Nf3 Nd4 10. 0-0 Qa5 11. Qf2 Nec6 12. Ne1 0-0 13. Nd1 b5 14. Bd2 b4 15. Ne3 f5 16. Nc4 Qc7 17. exf5 Nxf5 18. Nf3 d5 19. Nce5 Nxe5 20. fxe5 Nd4 21. Bf4 Nxf3+ 22. Bxf3 g5 23. Bxg5 Qxe5 24. Bc1 Qd6 25. Rb1 Bc6 26. Qe2 e5 27. Bg5 Bb5 28. c4 bxc3 29. bxc3 Ba6 30. Be7 Qxe7 31. Bxd5+ Kh8 32. Bxa8 Rxa8 33. Qe4 Rd8 34. c4 Qd6 35. Rf3 Bc8 36. Rf7 a6 37. Ra7 Be6 38. Rbb7 Bd7 39. Rxd7 1-0

[Event "Decin op"]
[Site "Decin"]
[Date "1996.??.??"]
[Round "1"]
[White "Cherevatenko, Roman"]
[Black "Semerij, Yurij"]
[Result "1/2-1/2"]
[WhiteElo "2415"]
[BlackElo "2205"]
[PlyCount "54"]
[EventDate "1996.??.??"]
[EventType "swiss"]
[EventRounds "9"]
[EventCountry "CZE"]
[SourceTitle "CBM 053 Extra"]
[Source "ChessBase"]
[SourceDate "1996.09.01"]
[SourceVersion "1"]
[SourceVersionDate "1996.09.01"]
[SourceQuality "1"]

1. e4 d5 2. exd5 Nf6 3. d4 Nxd5 4. c4 Nb6 5. Nf3 g6 6. Nc3 Bg7 7. h3 0-0 8. Be3 Nc6 9. Qd2 e5 10. d5 Nd4 11. Nxd4 exd4 12. Bxd4 Re8+ 13. Be3 Qh4 14. g3 Qe7 15. 0-0-0 c5 16. Bd3 Bf5 17. Rde1 Qd7 18. g4 Bxd3 19. Qxd3 Na4 20. Bd2 Nxc3 21. Bxc3 Bxc3 22. Qxc3 Qd6 23. Kb1 b5 24. Rxe8+ Rxe8 25. Re1 Rxe1+ 26. Qxe1 bxc4 27. Qe4 Qh2 1/2-1/2

[Event "Minsk op"]
[Site "Minsk"]
[Date "1996.??.??"]
[Round "4"]
[White "Neverov, Valeriy"]
[Black "Cherevatenko, Roman"]
[Result "1-0"]
[WhiteElo "2515"]
[BlackElo "2430"]
[PlyCount "81"]
[EventDate "1996.??.??"]
[EventType "swiss"]
[EventRounds "9"]
[EventCountry "BLR"]
[SourceTitle "EXT 2000"]
[Source "ChessBase"]
[SourceDate "1999.11.16"]
[SourceVersion "1"]
[SourceVersionDate "1999.11.16"]
[SourceQuality "1"]

1. d4 Nf6 2. c4 g6 3. Nf3 Bg7 4. g3 0-0 5. Bg2 d6 6. 0-0 Nc6 7. Nc3 a6 8. d5 Na5 9. Nd2 c5 10. Qc2 e5 11. a3 b6 12. b4 Nb7 13. Rb1 Bd7 14. e4 Nh5 15. bxc5 Nxc5 16. Nb3 Qc7 17. Nxc5 bxc5 18. Bd2 Rab8 19. Rxb8 Rxb8 20. Rb1 Bf6 21. Nd1 Rxb1 22. Qxb1 Bd8 23. f3 Qb6 24. Qc2 Qb7 25. Nf2 Qc8 26. Qb2 f6 27. f4 Bc7 28. Bf3 Ng7 29. g4 Qb8 30. Qxb8+ Bxb8 31. g5 Nh5 32. Bxh5 gxh5 33. gxf6 Ba4 34. fxe5 dxe5 35. Be3 Bd6 36. Nd3 Bb3 37. Bxc5 Bxc4 38. Bxd6 Bxd3 39. Bxe5 Bxe4 40. d6 Bc6 41. Kf2 1-0

[Event "Polanica Zdroj op"]
[Site "Polanica Zdroj"]
[Date "1995.??.??"]
[Round "5"]
[White "Betkowski, Andrzej"]
[Black "Cherevatenko, Roman"]
[Result "1/2-1/2"]
[WhiteElo "2255"]
[BlackElo "2420"]
[PlyCount "47"]
[EventDate "1995.08.??"]
[EventType "swiss"]
[EventRounds "10"]
[EventCountry "POL"]
[SourceTitle "EXT 1997"]
[Source "ChessBase"]
[SourceDate "1996.11.15"]
[SourceVersion "1"]
[SourceVersionDate "1996.11.15"]
[SourceQuality "1"]

1. e4 c5 2. Nf3 e6 3. d4 cxd4 4. Nxd4 Nc6 5. Nxc6 bxc6 6. Bd3 d5 7. 0-0 Nf6 8. Nd2 Be7 9. c4 0-0 10. Qc2 h6 11. b3 d4 12. e5 Nd7 13. f4 c5 14. Ne4 Bb7 15. Qe2 a5 16. Bd2 a4 17. b4 cxb4 18. Bxb4 Bxb4 19. Rab1 Qe7 20. Nf6+ gxf6 21. Rxb4 Bc6 22. Qg4+ Kh8 23. Qh4 Kg8 24. Qg4+ 1/2-1/2

[Event "Prague Mladi op"]
[Site "Prague"]
[Date "1995.??.??"]
[Round "6"]
[White "Cherevatenko, Roman"]
[Black "Berzinsh, Roland"]
[Result "0-1"]
[WhiteElo "2365"]
[BlackElo "2430"]
[PlyCount "62"]
[EventDate "1995.??.??"]
[EventType "swiss"]
[EventRounds "7"]
[EventCountry "CZE"]
[SourceTitle "EXT 1998"]
[Source "ChessBase"]
[SourceDate "1997.11.17"]
[SourceVersion "1"]
[SourceVersionDate "1997.11.17"]
[SourceQuality "1"]

1. e4 e5 2. Nc3 Nf6 3. Bc4 Nxe4 4. Qh5 Nd6 5. Bb3 g6 6. Qxe5+ Qe7 7. Qxe7+ Bxe7 8. Nd5 Bd8 9. d3 0-0 10. Bf4 Ne8 11. 0-0-0 c6 12. Ne3 d5 13. Nf3 Bc7 14. Bh6 Ng7 15. c4 dxc4 16. dxc4 Na6 17. Bc2 Re8 18. h3 Nc5 19. Ng4 Nh5 20. Be3 Ne4 21. Nh6+ Kg7 22. Nxf7 Neg3 23. Bh6+ Kxf7 24. fxg3 Nxg3 25. Rhe1 Rxe1 26. Rxe1 Bf5 27. Ng5+ Kg8 28. Re7 Bf4+ 29. Kb1 Bxc2+ 30. Kxc2 Nf5 31. Re4 Bg3 0-1

[Event "Katowice op"]
[Site "Katowice"]
[Date "1995.??.??"]
[Round "2"]
[White "Cherevatenko, Roman"]
[Black "Blehm, Pawel"]
[Result "1/2-1/2"]
[WhiteElo "2365"]
[BlackElo "2210"]
[PlyCount "84"]
[EventDate "1995.??.??"]
[EventType "swiss"]
[EventRounds "9"]
[EventCountry "POL"]
[SourceTitle "EXT 2000"]
[Source "ChessBase"]
[SourceDate "1999.11.16"]
[SourceVersion "1"]
[SourceVersionDate "1999.11.16"]
[SourceQuality "1"]

1. e4 c5 2. Nf3 d6 3. d4 cxd4 4. Nxd4 Nf6 5. Nc3 Nc6 6. Be2 e5 7. Nb3 Be6 8. f4 exf4 9. Bxf4 Be7 10. Qd2 0-0 11. 0-0-0 Ne5 12. Nd4 Qa5 13. Nxe6 fxe6 14. Kb1 Kh8 15. Rhf1 a6 16. Bd3 b5 17. Ne2 Qb6 18. Qe3 Qb7 19. Qh3 Nxe4 20. Qxe6 Nc5 21. Qh3 Nexd3 22. cxd3 b4 23. Bc1 Kg8 24. Nf4 Bg5 25. Ne6 Rxf1 26. Rxf1 Bxc1 27. Qf5 Nxe6 28. Qxe6+ Kh8 29. Rxc1 Rd8 30. g4 a5 31. Re1 Qc6 32. Rc1 Qb7 33. Re1 Qc6 34. Rc1 Qb7 35. g5 Qb5 36. Qxd6 Re8 37. g6 hxg6 38. Qxg6 a4 39. Rf1 Qe5 40. d4 Qe7 41. Qh5+ Kg8 42. Qd5+ Kh8 1/2-1/2

[Event "Katowice op"]
[Site "Katowice"]
[Date "1995.??.??"]
[Round "4"]
[White "Cherevatenko, Roman"]
[Black "Grabarczyk, Miroslaw"]
[Result "1/2-1/2"]
[WhiteElo "2365"]
[BlackElo "2440"]
[PlyCount "94"]
[EventDate "1995.??.??"]
[EventType "swiss"]
[EventRounds "9"]
[EventCountry "POL"]
[SourceTitle "EXT 2000"]
[Source "ChessBase"]
[SourceDate "1999.11.16"]
[SourceVersion "1"]
[SourceVersionDate "1999.11.16"]
[SourceQuality "1"]

1. e4 c6 2. d4 d5 3. e5 Bf5 4. Nf3 e6 5. Be2 c5 6. 0-0 Nc6 7. c3 cxd4 8. cxd4 Nge7 9. a3 a5 10. Nc3 Nc8 11. Be3 Be7 12. Rc1 Nb6 13. Na4 Nxa4 14. Qxa4 Qb6 15. b4 0-0 16. b5 Nb8 17. Rc3 Nd7 18. Rfc1 Qd8 19. Nd2 Nb6 20. Qd1 a4 21. f4 f6 22. exf6 Rxf6 23. g4 Be4 24. Bf3 Bxf3 25. Qxf3 Bd6 26. Qe2 Qe7 27. Bf2 Bxf4 28. Bh4 g5 29. Bg3 Raf8 30. Re1 Qd6 31. Kg2 Bxg3 32. hxg3 Qe7 33. Rf3 Rxf3 34. Nxf3 Nc4 35. Ne5 Nd6 36. Rf1 Ne4 37. Rxf8+ Qxf8 38. Qc2 Qxa3 39. Qc8+ Qf8 40. Qxe6+ Kg7 41. Qd7+ Kh8 42. Nf7+ Kg8 43. Qxd5 Qxf7 44. Qxe4 a3 45. Qe5 h6 46. d5 a2 47. d6 b6 1/2-1/2